00678nam a2200205Ia 4500001000700000008004100007035001500048041000800063084001900071110005600090245008600146260004200232300002000274500007400294650001100368650001600379650002300395650002300418710003100441000459221003s1999 xx 000 0 spa d aCENDO_1560 aspa aGJ-00008-00031 aMADRID.bTribunal Superior de JusticiacSala Cuarta 0aSentencia del Tribunal Superior de Justicia de 24 de octubre de 1989 sobre huelga a[Madrid] :bActualidad Laboral,c1990 a5 h. ;c 30 cm aEn: Actualidad Laboral, n. 3, semana 15, 21 de enero 1990, p. 121-128 aHUELGA aLEGISLACION aSENTENCIA JUDICIAL 0aCONVENIO COLECTIVO aACTUALIDAD LABORALcMadrid